Sports Quiz

Random Sports Quiz

Mets who have hit 3 HRs in 1 game Quiz Stats

 Plays Quiz not verified by Sporcle

Challenge
Share
Tweet
Embed
Score 0/9 Timer 10:00
0 Plays Today
Hint Answer % Correct
1985 vs CubsDarryl Strawberry
96.4%
1985 vs PadresGary Carter
81.8%
2011 vs RockiesCarlos Beltran
78.2%
2012 vs DiamondbacksIke Davis
67.3%
1976 vs DodgersDave Kingman
61.8%
2006 vs PhilliesJose Reyes
60%
1999 vs AstrosEdgardo Alfonzo
58.2%
1965 vs CardinalsJim Hickman
23.6%
1980 vs DodgersClaudell Washington
14.5%

You're not logged in!

Compare scores with friends on all Sporcle quizzes.
Join for Free
OR
Log In

You Might Also Like...

Show Comments

Extras

Created May 5, 2015ReportNominate
Tags:hit, hrs, met

Top Quizzes Today


Score Distribution

Your Account Isn't Verified!

In order to create a playlist on Sporcle, you need to verify the email address you used during registration. Go to your Sporcle Settings to finish the process.

Report this User

Report this user for behavior that violates our Community Guidelines.

Details: